[Event "8th EUR-ch"]
[Site "Dresden GER"]
[Date "2007.04.03"]
[Round "1.20"]
[White "Saric, Ivan"]
[Black "Cheparinov, Ivan"]
[Result "0-1"]
[WhiteElo "2463"]
[BlackElo "2646"]
[EventDate "2007.04.03"]
[PlyCount "56"]

1.e4 c5 2.Nf3 d6 3.d4 cxd4 4.Nxd4 Nf6 5.Nc3 a6 6.Bc4 e6 7.Bb3 b5 8.Bg5 Be7
9.Qf3 Qc7 10.O-O-O Nbd7 11.e5 Bb7 12.Qg3 dxe5 13.Bxe6 fxe6 14.Nxe6 Qc6 15.
Nxg7+ Kf7 16.Nf5 Bf8 17.Rhe1 Re8 18.Qh3 Qe6 19.f4 e4 20.g4 h5 21.Bxf6 Nxf6
22.g5 Bc8 23.gxf6 Qxf5 24.Qe3 Bc5 25.Qe2 Qxf4+ 26.Kb1 Bg4 27.Qg2 Rhg8 28.
Rd5 Qf2 0-1

[Event "8th EUR-ch"]
[Site "Dresden GER"]
[Date "2007.04.03"]
[Round "1.21"]
[White "Miroshnichenko, Evgenij"]
[Black "Hunt, Adam"]
[Result "1/2-1/2"]
[WhiteElo "2646"]
[BlackElo "2461"]
[EventDate "2007.04.03"]
[PlyCount "57"]

1.Nf3 Nf6 2.c4 g6 3.Nc3 d5 4.Qa4+ Bd7 5.Qb3 dxc4 6.Qxc4 Nc6 7.d4 Bg7 8.e4 
O-O 9.Be2 Bg4 10.Be3 Nd7 11.d5 Nce5 12.Qb3 Nxf3+ 13.gxf3 Bh5 14.f4 Bxe2 
15.Kxe2 c6 16.Rad1 Qc8 17.Rhg1 Nf6 18.f5 Kh8 19.d6 exd6 20.Rxd6 Qc7 21.e5 
Ne8 22.f6 Bxf6 23.Rxf6 Nxf6 24.exf6 Qxh2 25.Rd1 Qh5+ 26.Ke1 Qh1+ 27.Ke2 
Qh5+ 28.Ke1 Qh1+ 29.Ke2 1/2-1/2

[Event "8th EUR-ch"]
[Site "Dresden GER"]
[Date "2007.04.03"]
[Round "1.23"]
[White "Gashimov, Vugar"]
[Black "Handke, Florian"]
[Result "0-1"]
[WhiteElo "2644"]
[BlackElo "2459"]
[EventDate "2007.04.03"]
[PlyCount "142"]

1.e4 e5 2.Nf3 Nc6 3.Bb5 a6 4.Ba4 Nf6 5.O-O Be7 6.Re1 b5 7.Bb3 d6 8.c3 O-O 
9.h3 Bb7 10.d4 Re8 11.Nbd2 Bf8 12.a4 h6 13.Bc2 exd4 14.cxd4 Nb4 15.Bb1 c5 
16.d5 Nd7 17.Ra3 c4 18.axb5 axb5 19.Nd4 Rxa3 20.bxa3 Nd3 21.Bxd3 cxd3 22.
Re3 Nc5 23.N4b3 f5 24.Qh5 Nxb3 25.Nxb3 Re5 26.Rf3 Qc7 27.Rxf5 Rxf5 28.exf5
Bxd5 29.Qd1 Qc3 30.Nd2 Qe5 31.Nf1 Qe2 32.Ne3 Bc4 33.f3 Be7 34.g3 Bf6 35.
Bd2 Bb2 36.Qxe2 dxe2 37.Kf2 d5 38.Bb4 Bd4 39.f4 Bd3 40.g4 Ba7 41.Kf3 d4 
42.Nd5 Bc4 43.Ne7+ Kh7 44.Kf2 d3+ 45.Ke1 Be3 46.Bd2 Bc5 47.Nc6 Bxa3 48.g5 
Bd5 49.Ne5 Be4 50.f6 gxf6 51.gxf6 Bc5 52.Nd7 Bd6 53.f7 Kg7 54.f8=Q+ Bxf8 
55.Nxf8 Kxf8 56.Kf2 Bf5 57.h4 Kf7 58.Ke3 Kg6 59.Kf3 Kh5 60.Kg3 Be4 61.Be1 
Bf5 62.Bd2 Bh7 63.Bc3 Kg6 64.Kg4 h5+ 65.Kf3 Kf5 66.Be1 Ke6 67.f5+ Bxf5 68.
Kf4 Bg6 69.Ke3 Kd5 70.Kd2 Ke4 71.Bf2 b4 0-1

[Event "8th EUR-ch"]
[Site "Dresden GER"]
[Date "2007.04.03"]
[Round "1.29"]
[White "Kobalia, Mikhail"]
[Black "Gasthofer, Alexander"]
[Result "1/2-1/2"]
[WhiteElo "2639"]
[BlackElo "2453"]
[EventDate "2007.04.03"]
[PlyCount "88"]

1.e4 e6 2.d4 d5 3.Nc3 dxe4 4.Nxe4 Nd7 5.Nf3 Ngf6 6.Bd3 c5 7.O-O Nxe4 8.
Bxe4 Nf6 9.Bg5 Be7 10.Bd3 cxd4 11.Nxd4 O-O 12.c3 Qd5 13.Bh4 b6 14.Be2 e5 
15.Nf3 Qc5 16.Qb3 Bb7 17.Rad1 Rac8 18.Qb5 Qxb5 19.Bxb5 e4 20.Nd4 Nd5 21.
Bxe7 Nxe7 22.Rd2 g6 23.Rfd1 Rc7 24.Ba4 a6 25.Nc2 Rfc8 26.Rd6 Bc6 27.Bxc6 
Nxc6 28.Ne3 Rb7 29.Nd5 f5 30.h4 Kf7 31.h5 b5 32.Nf4 Ne5 33.Rxa6 b4 34.cxb4
Rc2 35.b3 Ng4 36.hxg6+ hxg6 37.Rxg6 Rxa2 38.g3 Nxf2 39.Rdd6 Ng4 40.Rg5 
Ra1+ 41.Kg2 Ra2+ 42.Kg1 Ra1+ 43.Kg2 Ra2+ 44.Kg1 Ra1+ 1/2-1/2

[Event "8th EUR-ch"]
[Site "Dresden GER"]
[Date "2007.04.03"]
[Round "1.31"]
[White "Bologan, Viktor"]
[Black "Fernandes, Antonio"]
[Result "1-0"]
[WhiteElo "2636"]
[BlackElo "2448"]
[EventDate "2007.04.03"]
[PlyCount "137"]

1.e4 e5 2.Nf3 Nc6 3.Bc4 Bc5 4.c3 Nf6 5.d3 d6 6.Nbd2 a6 7.Bb3 Ba7 8.Nf1 Ne7
9.Ng3 Ng6 10.O-O O-O 11.h3 c6 12.d4 h6 13.Be3 Qc7 14.Qd2 Kh7 15.Bc2 Be6 
16.Nh2 Kh8 17.Nf5 Ng8 18.Ng4 f6 19.f4 exf4 20.Bxf4 Nxf4 21.Qxf4 Rad8 22.
Nh4 Bf7 23.Qg3 Bh5 24.Ne3 Bb8 25.Rae1 d5 26.Qxc7 Bxc7 27.g4 Bf7 28.Kg2 Ne7
29.exd5 Nxd5 30.Nxd5 Bxd5+ 31.Be4 Rfe8 32.Bxd5 cxd5 33.Ng6+ Kg8 34.h4 Kf7 
35.h5 b5 36.Kf3 Bd6 37.Nh4 Bf8 38.Ng2 b4 39.Rxe8 Rxe8 40.Nf4 Rd8 41.cxb4 
Bxb4 42.Rc1 Rd7 43.Rc6 a5 44.Rb6 Bd2 45.Rb5 Bxf4 46.Kxf4 a4 47.Kf5 a3 48.
bxa3 Ra7 49.Rxd5 Rxa3 50.Rd7+ Kf8 51.Kg6 Rg3 52.Rf7+ Ke8 53.Rxg7 Rxg4+ 54.
Kxh6 Rxd4 55.Kg6 Rg4+ 56.Kxf6 Rf4+ 57.Kg6 Ra4 58.h6 Ra6+ 59.Kh7 Rxa2 60.
Kg8 Rf2 61.Rg5 Rf8+ 62.Kg7 Rf7+ 63.Kg6 Ke7 64.Re5+ Kf8 65.Ra5 Rf1 66.Ra8+ 
Ke7 67.h7 Rg1+ 68.Kf5 Rf1+ 69.Kg4 1-0

[Event "8th EUR-ch"]
[Site "Dresden GER"]
[Date "2007.04.03"]
[Round "1.32"]
[White "Orlov, Andrey"]
[Black "Asrian, Karen"]
[Result "1-0"]
[WhiteElo "2447"]
[BlackElo "2635"]
[EventDate "2007.04.03"]
[PlyCount "113"]

1.e4 e6 2.d4 d5 3.Nc3 Bb4 4.Ne2 dxe4 5.a3 Be7 6.Nxe4 Nf6 7.Nxf6+ Bxf6 8.
Be3 O-O 9.Qd2 b5 10.g4 Bb7 11.Rg1 g6 12.O-O-O a5 13.Nf4 b4 14.a4 Nd7 15.g5
Bg7 16.d5 e5 17.Ne6 fxe6 18.dxe6 Nb6 19.Qxd8 Rfxd8 20.Rxd8+ Rxd8 21.Bxb6 
cxb6 22.e7 Re8 23.Bc4+ Bd5 24.Bxd5+ Kh8 25.Rd1 Rxe7 26.Be4 Bf8 27.f3 Rf7 
28.Rd5 Kg7 29.Kd1 Rc7 30.Ke2 Kf7 31.Rd8 Bc5 32.h4 Ke6 33.Re8+ Re7 34.Rh8 
Rf7 35.Re8+ Be7 36.Rh8 Bc5 37.b3 Rg7 38.Bd3 Rc7 39.Kf1 Rd7 40.Kg2 Kd5 41.
Bb5 Re7 42.Rd8+ Bd6 43.Bd3 Kc5 44.Be4 Rg7 45.Kh3 Rc7 46.Kg3 Rf7 47.Kh3 Rc7
48.Kg4 Rg7 49.h5 Rf7 50.hxg6 hxg6 51.Rg8 Rf4+ 52.Kg3 Be7 53.Rxg6 Rf8 54.
Kg4 Kd4 55.Re6 Bd8 56.g6 Ke3 57.g7 1-0

[Event "8th EUR-ch"]
[Site "Dresden GER"]
[Date "2007.04.03"]
[Round "1.35"]
[White "Sakaev, Konstantin"]
[Black "Skoberne, Jure"]
[Result "1/2-1/2"]
[WhiteElo "2633"]
[BlackElo "2440"]
[EventDate "2007.04.03"]
[PlyCount "123"]

1.d4 d6 2.e4 Nf6 3.f3 g6 4.c4 Bg7 5.Nc3 O-O 6.Be3 c5 7.Nge2 Nc6 8.d5 Ne5 
9.Ng3 e6 10.Be2 exd5 11.cxd5 a6 12.O-O b5 13.Qd2 Re8 14.b3 Bd7 15.Rac1 Qa5
16.Rc2 b4 17.Nd1 Bb5 18.Bh6 Bh8 19.Ne3 Bxe2 20.Qxe2 Qb5 21.Qd1 a5 22.f4 
Ned7 23.Nc4 Qb8 24.e5 dxe5 25.fxe5 Nxe5 26.d6 Qb7 27.Ne3 Rad8 28.Rd2 Re6 
29.Bg5 Qc6 30.Ngf5 gxf5 31.Nxf5 Ng6 32.h3 Rd7 33.Rd3 c4 34.bxc4 Qxc4 35.
Qf3 Qe4 36.Qd1 Qc4 37.Rd2 h6 38.Nxh6+ Kh7 39.Nf5 Qc5+ 40.Kh1 Re5 41.Rdf2 
Qd5 42.Qa4 Rxd6 43.Nxd6 Rxg5 44.Qd1 Qxd1 45.Rxd1 Rc5 46.Nxf7 Ne4 47.Rf3 
Bg7 48.Rd7 Kg8 49.Ra7 Ne5 50.Ra8+ Kh7 51.Rf4 Nxf7 52.Rxf7 Kg6 53.Re7 Be5 
54.g4 Kf6 55.Rea7 Rc1+ 56.Kg2 Rc2+ 57.Kf3 Nd2+ 58.Ke3 Nc4+ 59.Ke4 Nd6+ 60.
Kd5 Rd2+ 61.Kc6 Rc2+ 62.Kd5 1/2-1/2

[Event "8th EUR-ch"]
[Site "Dresden GER"]
[Date "2007.04.03"]
[Round "1.40"]
[White "Khenkin, Igor"]
[Black "Zeller, Frank"]
[Result "1-0"]
[WhiteElo "2629"]
[BlackElo "2429"]
[EventDate "2007.04.03"]
[PlyCount "73"]

1.d4 Nf6 2.c4 e6 3.Nc3 Bb4 4.Qc2 c5 5.dxc5 O-O 6.a3 Bxc5 7.Nf3 b6 8.Bf4 
Bb7 9.e3 Be7 10.Rd1 Nc6 11.Be2 Rc8 12.O-O Na5 13.Ne5 Ba6 14.Qa4 d6 15.Nb5 
Qe8 16.Nf3 Ne4 17.Rc1 Bb7 18.b4 Nc6 19.Bd3 f5 20.Bxe4 fxe4 21.Nd2 Nd4 22.
exd4 Rxf4 23.Qxa7 Ba8 24.Rc3 Bc6 25.Re3 d5 26.Qxb6 Bd8 27.Qa6 Ra8 28.Na7 
Bd7 29.b5 Rf6 30.c5 e5 31.Qb7 Rxa7 32.Qxa7 exd4 33.Rg3 e3 34.c6 Rf7 35.
cxd7 exf2+ 36.Kh1 Qe1 37.Qxd4 1-0

[Event "8th EUR-ch"]
[Site "Dresden GER"]
[Date "2007.04.03"]
[Round "1.55"]
[White "Ardeleanu, Alin"]
[Black "Predojevic, Borki"]
[Result "0-1"]
[WhiteElo "2407"]
[BlackElo "2609"]
[EventDate "2007.04.03"]
[PlyCount "136"]

1.e4 c5 2.Nf3 e6 3.b3 b6 4.d4 cxd4 5.Nxd4 Bb7 6.Bd3 d6 7.O-O Nf6 8.Qe2 
Nbd7 9.c4 a6 10.Nc3 g6 11.Bb2 Bg7 12.Rad1 O-O 13.Bb1 Qc7 14.f4 Rad8 15.Kh1
Nc5 16.b4 Ncd7 17.Ndb5 axb5 18.Nxb5 Qb8 19.Nxd6 Ba8 20.e5 Ne8 21.Ne4 f6 
22.exf6 Ndxf6 23.Ng5 Rxd1 24.Rxd1 Qxf4 25.Nxe6 Qg4 26.Qxg4 Nxg4 27.Bxg7 
Rf2 28.Re1 Nxg7 29.Ng5 Rxg2 30.Be4 Rxh2+ 31.Kg1 Rh5 32.Bxa8 Rxg5 33.Kf1 
Nf5 34.Rc1 Kf8 35.c5 bxc5 36.b5 Nd6 37.b6 Rf5+ 38.Kg1 Nf6 39.Bc6 c4 40.
Rxc4 Ra5 41.a4 Nd5 42.b7 Nxb7 43.Bxb7 Nb6 44.Rf4+ Ke7 45.Bc6 Rc5 46.Bb5 h5
47.Rb4 Kf6 48.a5 Nd5 49.Rb2 Nc7 50.Rf2+ Kg7 51.Bd3 Rxa5 52.Rg2 g5 53.Rc2 
Ne6 54.Kf2 Kf6 55.Be4 Re5 56.Bg2 g4 57.Rc8 Kg5 58.Kg3 h4+ 59.Kf2 Rf5+ 60.
Kg1 Rc5 61.Rg8+ Kf4 62.Ra8 Ng5 63.Ra1 Rc2 64.Kh1 h3 65.Rf1+ Kg3 66.Bd5 Nf3
67.Rxf3+ gxf3 68.Kg1 Rg2+ 0-1

[Event "8th EUR-ch"]
[Site "Dresden GER"]
[Date "2007.04.03"]
[Round "1.63"]
[White "Martinovic, Sasa"]
[Black "Golod, Vitali"]
[Result "1/2-1/2"]
[WhiteElo "2400"]
[BlackElo "2597"]
[EventDate "2007.04.03"]
[PlyCount "147"]

1.d4 Nf6 2.c4 e6 3.Nc3 Bb4 4.e3 O-O 5.Ne2 d5 6.a3 Be7 7.cxd5 exd5 8.g3 a5 
9.Bg2 Re8 10.O-O Bf8 11.Nf4 c6 12.Kh1 Nbd7 13.Qc2 Nb6 14.a4 g6 15.f3 Bg7 
16.b3 Bf5 17.Qd1 c5 18.g4 cxd4 19.exd4 Rc8 20.Bd2 Bd7 21.Nce2 Na8 22.Rc1 
Bc6 23.Be1 Nd7 24.Rc2 b6 25.Bf2 Bb7 26.Rxc8 Qxc8 27.Qd2 Ba6 28.Rc1 Qb7 29.
g5 Nc7 30.Qc2 Ne6 31.Nxe6 fxe6 32.Nf4 Nf8 33.Qc7 Qxc7 34.Rxc7 Rc8 35.Rxc8 
Bxc8 36.Bh3 Bd7 37.Nd3 Kf7 38.Kg1 Bc6 39.Kf1 b5 40.Nc5 bxa4 41.bxa4 e5 42.
Ke2 exd4 43.Kd3 h6 44.gxh6 Bxh6 45.Kxd4 Bg7+ 46.Kd3 Be5 47.Bg3 Kf6 48.Be1 
Bd6 49.Bc3+ Kg5 50.Ne6+ Nxe6 51.Bxe6 Bc7 52.Kd4 Bxa4 53.Bxd5 Bd7 54.Be1 a4
55.Bg3 Bd8 56.Bd6 Bf6+ 57.Kc4 Kh4 58.Kb4 Kh3 59.Be4 g5 60.Bc2 Kg2 61.Bxa4 
Bxa4 62.Kxa4 Kxf3 63.Kb3 g4 64.Kc4 Ke4 65.Bg3 Bd4 66.Bc7 Bg1 67.Bd6 Kf3 
68.Kd3 Bb6 69.Be5 Ba7 70.Bd6 Bg1 71.Bc7 Kg2 72.Ke4 Bxh2 73.Kf5 Bxc7 74.
Kxg4 1/2-1/2

[Event "8th EUR-ch"]
[Site "Dresden GER"]
[Date "2007.04.03"]
[Round "1.91"]
[White "Stefansson, Hannes"]
[Black "Roos, Michael"]
[Result "0-1"]
[WhiteElo "2576"]
[BlackElo "2349"]
[EventDate "2007.04.03"]
[PlyCount "152"]

1.d4 Nf6 2.c4 g6 3.Nf3 Bg7 4.g3 c5 5.Bg2 cxd4 6.Nxd4 d5 7.cxd5 Nxd5 8.O-O 
O-O 9.Nb3 Nb4 10.Nc3 N8c6 11.Bd2 Bf5 12.Rc1 Rc8 13.a3 Na6 14.Be3 Be6 15.
Nd2 Nab8 16.Qa4 a6 17.Rfd1 Qa5 18.Qh4 Bf6 19.Qf4 Be5 20.Qe4 Bg7 21.Nc4 Qh5
22.Nd5 Qg4 23.Bf4 Rcd8 24.h3 Qf5 25.Qxf5 Bxf5 26.Bc7 Rde8 27.g4 Be6 28.Bg3
Rd8 29.Bc7 Rde8 30.Ndb6 Nd4 31.Kf1 Nbc6 32.Rd3 f5 33.g5 f4 34.Nd2 Bf5 35.
Rdc3 Ne6 36.Rxc6 bxc6 37.Rxc6 Nxc7 38.Rxc7 Bxb2 39.Ndc4 Bd4 40.Nd5 f3 41.
exf3 e6 42.Ndb6 Rb8 43.Rc6 Bd3+ 44.Kg1 Bxc4 45.Nxc4 Rbc8 46.Rxc8 Rxc8 47.
Bf1 Rb8 48.Kg2 Rb3 49.Be2 Rc3 50.a4 Rc2 51.Kf1 Rc1+ 52.Kg2 Rc2 53.Kf1 Rc1+
54.Kg2 Ra1 55.a5 Bc3 56.Nd6 Rxa5 57.f4 Ra1 58.Bc4 Kf8 59.Ne4 Ra4 60.Bd3 
Bd4 61.h4 a5 62.h5 gxh5 63.Nd6 Ra2 64.Bxh7 Rxf2+ 65.Kg3 a4 66.Nb5 Rd2 67.
Kh4 Bc5 68.Nc7 Ke7 69.g6 Bd4 70.Bg8 Re2 71.Nb5 Bf6+ 72.Kxh5 Re3 73.f5 exf5
74.g7 Bxg7 75.Kg5 Rf3 76.Bd5 Rf2 0-1

[Event "8th EUR-ch"]
[Site "Dresden GER"]
[Date "2007.04.03"]
[Round "1.96"]
[White "Bruned, Yvain"]
[Black "Azarov, Sergei"]
[Result "0-1"]
[WhiteElo "2339"]
[BlackElo "2571"]
[EventDate "2007.04.03"]
[PlyCount "90"]

1.e4 d5 2.exd5 Qxd5 3.Nc3 Qa5 4.d4 Nf6 5.Bc4 Bg4 6.f3 Bf5 7.Ne2 e6 8.Bd2 
Qb6 9.g4 Bg6 10.h4 h6 11.Nf4 Nc6 12.Nxg6 fxg6 13.Na4 Qxd4 14.Qe2 Qe5 15.
Bb5 Qg3+ 16.Qf2 Qxf2+ 17.Kxf2 O-O-O 18.Rad1 Bd6 19.Bxc6 bxc6 20.Be3 Rhf8 
21.Ke2 h5 22.g5 Nd5 23.Bxa7 Rf5 24.Bd4 e5 25.Be3 Rdf8 26.Rh3 Rf4 27.b3 e4 
28.fxe4 Rxe4 29.Kd3 Nxe3 30.Rxe3 Rxh4 31.Rde1 Rg4 32.Nc3 Bb4 33.Re8+ Rxe8 
34.Rxe8+ Kd7 35.Re3 Bxc3 36.Kxc3 Rxg5 37.a4 h4 38.b4 Kc8 39.Kd4 Kb7 40.c3 
Rg1 41.Rh3 g5 42.Ke3 c5 43.Ke4 cxb4 44.cxb4 g6 45.Ke5 Rg4 0-1

[Event "8th EUR-ch"]
[Site "Dresden GER"]
[Date "2007.04.03"]
[Round "1.116"]
[White "Novikov, Stanislav"]
[Black "Koepke, Christian"]
[Result "1/2-1/2"]
[WhiteElo "2556"]
[BlackElo "2290"]
[EventDate "2007.04.03"]
[PlyCount "96"]

1.g3 c5 2.Bg2 g6 3.e4 Bg7 4.Nf3 Nc6 5.O-O d6 6.c3 e5 7.a3 Nge7 8.b4 O-O 9.
Bb2 h6 10.d3 Be6 11.Nbd2 b6 12.Qe2 Qd7 13.Ne1 Rae8 14.Nc2 f5 15.exf5 gxf5 
16.b5 Nd8 17.c4 f4 18.a4 e4 19.Bxg7 f3 20.Nxf3 exf3 21.Bxf3 Kxg7 22.a5 Nf7
23.axb6 axb6 24.Ne3 Ne5 25.Be4 Nf5 26.f4 Nxe3 27.Qxe3 Ng4 28.Qf3 Qf7 29.f5
Qh5 30.h4 Bg8 31.Qf4 Ne5 32.Ra6 Rb8 33.Ra7+ Rf7 34.Re7 Rf8 35.f6+ Kh8 36.
Re6 Rd8 37.Qe3 Bh7 38.Bd5 Bg6 39.Re7 Rxe7 40.fxe7 Re8 41.Qf4 Kh7 42.Qf8 
Nd7 43.Rf7+ Bxf7 44.Be4+ Bg6 45.Qf7+ Kh8 46.Bxg6 Qd1+ 47.Kf2 Qd2+ 48.Kf1 
Qd1+ 1/2-1/2

[Event "8th EUR-ch"]
[Site "Dresden GER"]
[Date "2007.04.03"]
[Round "1.119"]
[White "Giemsa, Stephan"]
[Black "Zelcic, Robert"]
[Result "0-1"]
[WhiteElo "2286"]
[BlackElo "2554"]
[EventDate "2007.04.03"]
[PlyCount "94"]

1.d4 Nf6 2.c4 e6 3.Nf3 c5 4.d5 b5 5.dxe6 fxe6 6.cxb5 d5 7.Bf4 Bd6 8.Bxd6 
Qxd6 9.Nc3 e5 10.e4 d4 11.Bc4 Be6 12.Bxe6 Qxe6 13.Na4 Nbd7 14.O-O Nxe4 15.
Re1 Qd5 16.Qd3 Nef6 17.Nxe5 Nxe5 18.Qf5 Nd7 19.f4 Qf7 20.Qxf7+ Kxf7 21.
fxe5 Ke6 22.Rac1 Rhc8 23.b3 Rab8 24.Nb2 Rxb5 25.Nd3 g5 26.Rc2 a5 27.h4 h6 
28.hxg5 hxg5 29.Nb2 Nb6 30.Rf2 Nd5 31.Nc4 Rc7 32.Nd6 Rb8 33.Ne4 Ne3 34.
Nxg5+ Kxe5 35.Nf3+ Kd5 36.Nd2 Rh7 37.Nf1 Rbh8 38.Rf3 Rh1+ 39.Kf2 Rxf1+ 40.
Rxf1 Nxf1 41.Kxf1 Rh1+ 42.Ke2 Ra1 43.Kd3 Rxa2 44.Rf5+ Kd6 45.Rf6+ Kd5 46.
Rf5+ Kc6 47.g4 Rb2 0-1

[Event "8th EUR-ch"]
[Site "Dresden GER"]
[Date "2007.04.03"]
[Round "1.126"]
[White "Bobras, Piotr"]
[Black "Asauskas, Henrikas"]
[Result "1-0"]
[WhiteElo "2545"]
[BlackElo "2264"]
[EventDate "2007.04.03"]
[PlyCount "57"]

1.e4 e5 2.Nf3 Nc6 3.Bb5 f5 4.Nc3 Nf6 5.exf5 Be7 6.d4 exd4 7.Nxd4 Nxd4 8.
Qxd4 c6 9.Bd3 d5 10.Bg5 O-O 11.O-O-O Qa5 12.Rhe1 Bc5 13.Qh4 Bd7 14.Kb1 b5 
15.g4 Qb6 16.Rf1 Rae8 17.Bc1 Be7 18.g5 d4 19.Ne2 c5 20.gxf6 Bxf6 21.Qg4 
Bc6 22.Ng3 Bd5 23.Be4 Bf7 24.Qf3 Re5 25.Bf4 Qa6 26.Qa3 Qb6 27.Bxe5 Bxe5 
28.f4 Bd6 29.Qf3 1-0

[Event "8th EUR-ch"]
[Site "Dresden GER"]
[Date "2007.04.03"]
[Round "1.134"]
[White "Bakker, Sven"]
[Black "Jankovic, Alojzije"]
[Result "0-1"]
[WhiteElo "2253"]
[BlackElo "2541"]
[EventDate "2007.04.03"]
[PlyCount "80"]

1.d4 Nf6 2.c4 e6 3.Nc3 Bb4 4.e3 b6 5.Ne2 Ba6 6.a3 Bxc3+ 7.Nxc3 d5 8.b3 O-O
9.Be2 Nc6 10.cxd5 Bxe2 11.Nxe2 exd5 12.O-O Re8 13.Qc2 Ne7 14.f3 Nc8 15.Bd2
Nd6 16.Rac1 Rc8 17.Nf4 c5 18.dxc5 bxc5 19.Rfd1 Qb6 20.Kh1 c4 21.bxc4 Nxc4 
22.Qa2 Rcd8 23.Rb1 Qa6 24.Rb3 h6 25.Ne2 Rb8 26.Rxb8 Rxb8 27.Bc1 Qa4 28.Nc3
Qb3 29.Qxb3 Rxb3 30.Nxd5 Nxd5 31.Rxd5 Rb1 32.Rd1 Nd2 33.h4 Nb3 34.Rd8+ Kh7
35.Kh2 Rxc1 36.Rd7 a5 37.Rxf7 Ra1 38.g4 Rxa3 39.f4 Nd2 40.f5 Nf1+ 0-1

[Event "8th EUR-ch"]
[Site "Dresden GER"]
[Date "2007.04.03"]
[Round "1.140"]
[White "Chuchelov, Vladimir"]
[Black "Kues, Hendrik"]
[Result "1-0"]
[WhiteElo "2539"]
[BlackElo "2243"]
[EventDate "2007.04.03"]
[PlyCount "109"]

1.Nf3 c5 2.c4 g6 3.d4 cxd4 4.Nxd4 Bg7 5.e4 Nc6 6.Be3 Nf6 7.Nc3 O-O 8.Be2 
d6 9.O-O Bd7 10.Qd2 Nxd4 11.Bxd4 Bc6 12.f3 a5 13.b3 Nd7 14.Be3 Nc5 15.Rab1
Qb6 16.Rfc1 Rfc8 17.Rc2 Qd8 18.Bf1 Qf8 19.Re1 h5 20.g3 Rd8 21.Bg2 Kh7 22.
Qd1 Qh8 23.Ne2 Ne6 24.Bb6 Rdc8 25.Qd2 a4 26.b4 Be8 27.f4 a3 28.e5 Bc6 29.
exd6 exd6 30.b5 Bxg2 31.Kxg2 Ra4 32.Qd5 Qf8 33.Rf1 Nc7 34.Qd3 f5 35.Qb3 
Raa8 36.Rd1 Qe7 37.Qd3 Ne8 38.Nc3 Bxc3 39.Rxc3 Ra4 40.c5 Re4 41.cxd6 Nxd6 
42.Bc5 Re2+ 43.Kf1 Qe4 44.Qxe2 Qh1+ 45.Kf2 Ne4+ 46.Ke3 Nxc3 47.Rxh1 Nxe2 
48.Bb4 Rc2 49.Rd1 Rxa2 50.Rd7+ Kg8 51.Bd6 Nc3 52.Rxb7 Rb2 53.Be5 Rxb5 54.
Rg7+ Kf8 55.Bxc3 1-0

[Event "8th EUR-ch"]
[Site "Dresden GER"]
[Date "2007.04.03"]
[Round "1.142"]
[White "Pashikian, Arman"]
[Black "Logothetis, Sotirios"]
[Result "1-0"]
[WhiteElo "2538"]
[BlackElo "2221"]
[EventDate "2007.04.03"]
[PlyCount "65"]

1.d4 d5 2.c4 dxc4 3.Nf3 Nf6 4.e3 e6 5.Bxc4 c5 6.O-O a6 7.Qe2 b5 8.Bd3 cxd4
9.exd4 Be7 10.Nc3 Bb7 11.Bg5 O-O 12.Rad1 Nbd7 13.a3 Rc8 14.Bb1 Nb6 15.Qd3 
g6 16.Bh6 Re8 17.Ne5 Nbd5 18.Ne2 Bf8 19.Bg5 Bg7 20.Rfe1 Ne7 21.Nf4 Ned5 
22.Qg3 Rc7 23.Nxd5 Qxd5 24.Bxf6 Bxf6 25.Ng4 Bg7 26.Ba2 Qd8 27.d5 e5 28.d6 
Rc5 29.b4 Rc2 30.Qb3 Rc4 31.Ne3 Rd4 32.Qxf7+ Kh8 33.Qxb7 1-0

[Event "8th EUR-ch"]
[Site "Dresden GER"]
[Date "2007.04.03"]
[Round "1.161"]
[White "Siedentopf, Daniel"]
[Black "Slobodjan, Roman"]
[Result "1/2-1/2"]
[WhiteElo "2178"]
[BlackElo "2525"]
[EventDate "2007.04.03"]
[PlyCount "113"]

1.d4 Nf6 2.c4 e6 3.Nc3 Bb4 4.e3 O-O 5.Ne2 d5 6.a3 Be7 7.cxd5 Nxd5 8.g3 
Nxc3 9.Nxc3 c5 10.dxc5 Qxd1+ 11.Kxd1 Bxc5 12.Bg2 Be7 13.Bd2 Nd7 14.Na4 Ne5
15.Bb4 Bd7 16.Nc3 Bxb4 17.axb4 Bc6 18.Bxc6 bxc6 19.Kc2 Rfb8 20.Ra4 Rb7 21.
Ne4 Rab8 22.Kc3 Nd7 23.Nd6 Nb6 24.Nxb7 Nxa4+ 25.Kb3 Rxb7 26.Kxa4 Kf8 27.
Rc1 Rb6 28.Rc5 Ke7 29.Kb3 Kd7 30.Ra5 Rb7 31.Kc4 Kd6 32.Ra6 f6 33.b3 h5 34.
h4 g6 35.f3 e5 36.Kc3 Kd5 37.e4+ Kd6 38.b5 Rxb5 39.Rxa7 g5 40.hxg5 fxg5 
41.Rg7 h4 42.Rxg5 hxg3 43.Rxg3 Rb8 44.Rg6+ Kd7 45.Rg5 Kd6 46.Kc4 Ra8 47.
Rg6+ Kd7 48.f4 exf4 49.Rf6 Ra1 50.Rxf4 Rc1+ 51.Kd3 Kd6 52.b4 Rd1+ 53.Kc2 
Re1 54.Rh4 Re3 55.Kd2 Rb3 56.Kc2 Re3 57.Kd2 1/2-1/2

[Event "8th EUR-ch"]
[Site "Dresden GER"]
[Date "2007.04.03"]
[Round "1.198"]
[White "Hesselbarth, Karlheinz"]
[Black "Jaracz, Pawel"]
[Result "0-1"]
[WhiteElo "1929"]
[BlackElo "2490"]
[EventDate "2007.04.03"]
[PlyCount "146"]

1.d4 Nf6 2.c4 e6 3.Nc3 Bb4 4.e3 c5 5.Bd3 Nc6 6.Nf3 Bxc3+ 7.bxc3 d6 8.e4 e5
9.d5 Ne7 10.Nd2 O-O 11.O-O h6 12.Re1 Nh7 13.Nf1 f5 14.f3 f4 15.Rb1 g5 16.
g4 h5 17.h3 Kf7 18.Re2 Nf6 19.Rh2 Rh8 20.Rbb2 Ng6 21.Rbf2 Bd7 22.Bd2 Rh6 
23.Be1 Qc7 24.Rb2 Rah8 25.Qb1 b6 26.Qd1 Ne7 27.Rbg2 Qc8 28.Be2 Qa6 29.Qb1 
Ng6 30.Nd2 Qa3 31.Nf1 R8h7 32.Bd1 Qa6 33.Be2 Ne8 34.Bd3 Nc7 35.Rb2 Ba4 36.
Rbg2 Rh8 37.Rb2 Kf6 38.Rbg2 R6h7 39.Rb2 Kf7 40.Rbg2 Ne7 41.Rb2 Ng8 42.Rbg2
Nf6 43.Rb2 Qc8 44.Rbg2 Rh6 45.Be2 Qa6 46.Bd3 Ke8 47.Be2 R6h7 48.Bd3 Kd7 
49.Nd2 Kc8 50.Nf1 Kb8 51.Rb2 Ka8 52.Rbg2 Rb8 53.Rb2 Rhh8 54.Nd2 hxg4 55.
hxg4 Rxh2 56.Kxh2 Qc8 57.Nf1 Qa6 58.Kg1 Rh8 59.Rh2 Rxh2 60.Nxh2 b5 61.cxb5
Bxb5 62.Bxb5 Nxb5 63.Nf1 Nd7 64.Qb3 Nb6 65.Nd2 Na3 66.Kf2 Kb7 67.Nb1 Nc4 
68.Bd2 Kc7 69.Bc1 Ne3 70.Bxe3 fxe3+ 71.Kxe3 Qf1 72.Nd2 Qe1+ 73.Kd3 c4+ 0-1

[Event "8th EUR-ch"]
[Site "Dresden GER"]
[Date "2007.04.04"]
[Round "2.86"]
[White "Sargissian, Gabriel"]
[Black "Iskusnyh, Sergei"]
[Result "1/2-1/2"]
[WhiteElo "2651"]
[BlackElo "2463"]
[EventDate "2007.04.03"]
[PlyCount "70"]

1.d4 d5 2.c4 c6 3.Nf3 Nf6 4.Nc3 a6 5.c5 Bf5 6.Bf4 Nbd7 7.e3 e6 8.Be2 Ne4 
9.Bd3 Ndf6 10.Ne5 g5 11.Bxe4 Nxe4 12.Bg3 h5 13.Nxe4 Bxe4 14.f3 Bh7 15.O-O 
f6 16.Nd3 h4 17.Be1 Bg7 18.h3 O-O 19.Nf2 Qe7 20.b4 e5 21.dxe5 Qxe5 22.Ng4 
Qe7 23.Bc3 Rae8 24.f4 Bf5 25.Bd4 Bxg4 26.Qxg4 f5 27.Qh5 gxf4 28.Rxf4 Bxd4 
29.exd4 Qe3+ 30.Rf2 Qxd4 31.Rf1 Re4 32.Qg5+ Kh7 33.Qh5+ Kg8 34.Qg5+ Kh8 
35.Qh5+ Kg8 1/2-1/2

[Event "8th EUR-ch"]
[Site "Dresden GER"]
[Date "2007.04.04"]
[Round "2.119"]
[White "Sulskis, Sarunas"]
[Black "Ringoir, Tanguy"]
[Result "1-0"]
[WhiteElo "2528"]
[BlackElo "2199"]
[EventDate "2007.04.03"]
[PlyCount "51"]

1.e4 c5 2.f4 d5 3.exd5 Nf6 4.Bb5+ Bd7 5.Bxd7+ Qxd7 6.c4 e6 7.Qe2 Bd6 8.f5 
O-O 9.fxe6 fxe6 10.dxe6 Qc7 11.Nc3 Bxh2 12.Nf3 Bg3+ 13.Kd1 Nc6 14.d3 Rad8 
15.Bg5 Nb4 16.e7 Rxd3+ 17.Nd2 Re8 18.Qe6+ Kh8 19.Bxf6 Bf4 20.Ne4 Bxd2 21.
Nxd2 gxf6 22.Qxf6+ Kg8 23.Qe6+ Kg7 24.Qh6+ Kf7 25.Qxh7+ Ke6 26.Rh6+ 1-0

[Event "8th EUR-ch"]
[Site "Dresden GER"]
[Date "2007.04.04"]
[Round "2.143"]
[White "Lubbe, Nicolas"]
[Black "Bindrich, Falko"]
[Result "0-1"]
[WhiteElo "2254"]
[BlackElo "2469"]
[EventDate "2007.04.03"]
[PlyCount "86"]

1.e4 c5 2.d3 Nc6 3.g3 g6 4.Bg2 Bg7 5.f4 e6 6.Nf3 Nge7 7.O-O O-O 8.c3 b6 9.
Na3 Ba6 10.g4 f5 11.gxf5 exf5 12.e5 d5 13.Re1 Qd7 14.Nc2 Nd8 15.d4 Ne6 16.
h4 Rac8 17.Ng5 Nc7 18.h5 Bh6 19.Nh3 Ne6 20.hxg6 hxg6 21.Be3 Kf7 22.a4 Bc4 
23.Ra3 a5 24.b3 Ba6 25.b4 cxb4 26.cxb4 axb4 27.Nxb4 Bc4 28.Qd2 Ra8 29.Rea1
Ra5 30.Bf1 Bxf1 31.Kxf1 Rfa8 32.Qc2 b5 33.Kg2 Rxa4 34.Rxa4 Rxa4 35.Rxa4 
bxa4 36.Qc3 Qb5 37.Kf3 Qf1+ 38.Nf2 Bxf4 39.Bxf4 Nxf4 40.e6+ Nxe6 41.Nd3 
Nc6 42.Ke3 Ncxd4 43.Ne5+ Kf6 0-1

[Event "8th EUR-ch"]
[Site "Dresden GER"]
[Date "2007.04.04"]
[Round "2.170"]
[White "Butnorius, Algimantas"]
[Black "Gnirk, Torsten"]
[Result "1/2-1/2"]
[WhiteElo "2402"]
[BlackElo "2131"]
[EventDate "2007.04.03"]
[PlyCount "50"]

1.d4 Nf6 2.Nf3 c5 3.d5 g6 4.Nc3 d6 5.e4 Bg7 6.Be2 O-O 7.O-O Na6 8.Bf4 Nh5 
9.Be3 f5 10.exf5 gxf5 11.Ng5 Nf6 12.Qd2 Nc7 13.a4 Bd7 14.Nh3 Qe8 15.Bh6 
Bxh6 16.Qxh6 Qg6 17.Qxg6+ hxg6 18.Rfe1 Nfxd5 19.Nxd5 Nxd5 20.Bc4 e6 21.Ng5
Rae8 22.Nxe6 Bxe6 23.Rxe6 Rxe6 24.Bxd5 Re8 25.Re1 Kf7 1/2-1/2

[Event "8th EUR-ch"]
[Site "Dresden GER"]
[Date "2007.04.05"]
[Round "3.13"]
[White "Cao, Sang"]
[Black "Galkin, Alexander"]
[Result "0-1"]
[WhiteElo "2548"]
[BlackElo "2590"]
[EventDate "2007.04.03"]
[PlyCount "64"]

1.e4 c6 2.d4 d5 3.e5 Bf5 4.Nc3 e6 5.g4 Bg6 6.Nge2 c5 7.Be3 Nc6 8.dxc5 Nxe5
9.Nd4 Nd7 10.f4 Bxc5 11.Bb5 Nf6 12.Qe2 Ne4 13.Bxd7+ Qxd7 14.f5 exf5 15.
gxf5 Bxd4 16.Bxd4 Qxf5 17.Bxg7 Rg8 18.Rf1 Qe6 19.Nb5 Rc8 20.Nd4 Qb6 21.Bf6
Qb4+ 22.c3 Rxc3 23.Kd1 Bh5 24.Qxh5 Rc1+ 25.Ke2 Qxb2+ 26.Kf3 Rxf1+ 27.Rxf1 
Qg2+ 28.Ke3 Qd2+ 29.Kf3 Qd3+ 30.Kf4 Qxf1+ 31.Nf3 Qc1+ 32.Ke5 Nxf6 0-1